[Event "Steinfurt Bezirksklasse 1819"]
[Site "Germany"]
[Date "2018.11.10"]
[Round "2.5"]
[White "Loeckener, Thomas"]
[Black "Altenaehr, Johannes"]
[Result "1-0"]
[WhiteElo "1643"]
[BlackElo "1374"]
[PlyCount "46"]
[EventDate "2018.09.29"]
[EventType "team-tourn"]
[EventRounds "7"]
[EventCountry "GER"]
[SourceTitle "EXT 2020"]
[Source "ChessBase"]
[SourceDate "2019.10.17"]
[SourceVersion "1"]
[SourceVersionDate "2019.10.17"]
[SourceQuality "1"]
[WhiteTeam "Saerbeck II"]
[BlackTeam "Rheine CC"]
[WhiteTeamCountry "GER"]
[BlackTeamCountry "GER"]

1. e4 e6 2. d4 d5 3. Bd3 c5 4. dxc5 Bxc5 5. Qg4 Qf6 6. Nf3 Nc6 7. 0-0 e5 8. Qg3 Nge7 9. Nc3 Be6 10. Bg5 Qg6 11. Nh4 Qh5 12. Be2 Qxe2 13. Nxe2 f6 14. Be3 d4 15. Bd2 Bc4 16. Rfe1 g5 17. Nf3 d3 18. cxd3 Bxd3 19. Rac1 Bb4 20. Bxb4 Nxb4 21. Nxe5 Bxe4 22. Rc4 Nf5 23. Qg4 h5 1-0

[Event "Steinfurt Bezirksliga 1415"]
[Site "Germany"]
[Date "2015.04.18"]
[Round "8.3"]
[White "Meinert, Dominik"]
[Black "Loeckener, Thomas"]
[Result "1-0"]
[WhiteElo "1565"]
[BlackElo "1672"]
[PlyCount "71"]
[EventDate "2014.09.06"]
[EventType "team-tourn"]
[EventRounds "9"]
[EventCountry "GER"]
[SourceTitle "EXT 2016"]
[Source "ChessBase"]
[SourceDate "2015.10.08"]
[SourceVersion "1"]
[SourceVersionDate "2015.10.08"]
[SourceQuality "1"]
[WhiteTeam "Steinfurt II"]
[BlackTeam "Saerbeck II"]
[WhiteTeamCountry "GER"]
[BlackTeamCountry "GER"]

1. e4 c5 2. Nf3 d6 3. Bc4 Nf6 4. Nc3 g6 5. 0-0 Bg7 6. e5 dxe5 7. Nxe5 0-0 8. Re1 Nbd7 9. d4 cxd4 10. Qxd4 Nh5 11. Nxf7 Rxf7 12. Bxf7+ Kxf7 13. Qd5+ Kf8 14. Ne4 e6 15. Qxe6 Ndf6 16. Qc4 Qd5 17. Qb4+ Kg8 18. Nxf6+ Nxf6 19. Bd2 a5 20. Qf4 Bd7 21. Bc3 Bc6 22. f3 Nh5 23. Qe3 Re8 24. Qd3 Qc5+ 25. Kh1 Rf8 26. Bxg7 Nxg7 27. Re2 Bb5 28. Qb3+ Kh8 29. Rd2 Qh5 30. Rd5 Rf5 31. Rd8+ Ne8 32. g4 Qh3 33. gxf5 Bf1 34. Rxe8+ Kg7 35. Qxb7+ Kh6 36. f4 1-0

[Event "Muensterland Verbandsliga 0809"]
[Site "Germany"]
[Date "2008.12.13"]
[Round "4.8"]
[White "Loeckener, Thomas"]
[Black "Mueller, Uwe1111"]
[Result "1-0"]
[WhiteElo "1734"]
[BlackElo "1539"]
[PlyCount "51"]
[EventDate "2008.09.20"]
[EventType "team-tourn"]
[EventRounds "9"]
[EventCountry "GER"]
[SourceTitle "EXT 2010"]
[Source "ChessBase"]
[SourceDate "2010.11.25"]
[SourceVersion "1"]
[SourceVersionDate "2010.11.25"]
[SourceQuality "1"]
[WhiteTeam "Saerbeck"]
[BlackTeam "Stadtlohn"]
[WhiteTeamCountry "GER"]
[BlackTeamCountry "GER"]

1. d4 Nf6 2. Nf3 d5 3. c4 e6 4. Nc3 b6 5. Bg5 Be7 6. Qc2 Bb7 7. 0-0-0 dxc4 8. Bxf6 Bxf6 9. e4 Ba6 10. d5 Qc8 11. e5 Bd8 12. d6 cxd6 13. Rxd6 0-0 14. h4 h5 15. Ng5 g6 16. Be2 Bxg5+ 17. hxg5 Kg7 18. Qe4 Nd7 19. Qf4 Qc7 20. Bxh5 Rh8 21. Rhd1 Rad8 22. Bf3 Bb7 23. Nb5 Qc5 24. Rxd7 Rxd7 25. Rxd7 Rh1+ 26. Bd1 1-0

[Event "Muensterland Verbandsliga 0708"]
[Site "Germany"]
[Date "2008.01.12"]
[Round "5.8"]
[White "Loeckener, Thomas"]
[Black "Hunhoff, Sebastian"]
[Result "1/2-1/2"]
[WhiteElo "1690"]
[BlackElo "1577"]
[PlyCount "141"]
[EventDate "2007.09.08"]
[EventType "team"]
[EventRounds "9"]
[EventCountry "GER"]
[SourceTitle "EXT 2009"]
[Source "ChessBase"]
[SourceDate "2008.11.26"]
[SourceVersion "1"]
[SourceVersionDate "2008.11.26"]
[SourceQuality "1"]
[WhiteTeam "Saerbeck"]
[BlackTeam "Bocholt"]
[WhiteTeamCountry "GER"]
[BlackTeamCountry "GER"]

1. e4 e6 2. d4 d5 3. Nc3 dxe4 4. Nxe4 Be7 5. Bd3 Nf6 6. Nf3 Nbd7 7. Neg5 h6 8. Nxe6 fxe6 9. Bg6+ Kf8 10. Qe2 Nb6 11. Bd2 Qd5 12. Ne5 Bd7 13. c4 Qxd4 14. Be3 Qh4 15. h3 Be8 16. g3 Qg5 17. h4 Qxg6 18. Nxg6+ Bxg6 19. 0-0-0 Re8 20. g4 Bd6 21. b3 Ne4 22. Bd4 Ba3+ 23. Bb2 Bd6 24. Qe3 Bc5 25. Qf4+ Kg8 26. h5 Bh7 27. Qxc7 Be7 28. Rde1 Nxf2 29. Kd2 Ne4+ 30. Rxe4 Bxe4 31. Rf1 Rh7 32. Qe5 Bc6 33. Qxe6+ Kh8 34. Qf5 Nd7 35. Kc2 Nf6 36. Re1 Bb4 37. Rxe8+ Bxe8 38. Bxf6 gxf6 39. Qxf6+ Kg8 40. Qe6+ Bf7 41. Qc8+ Bf8 42. Kc3 Rg7 43. b4 Rg5 44. Qxb7 Rxg4 45. c5 a5 46. bxa5 Rc4+ 47. Kd3 Rxc5 48. a6 Bd5 49. Qb6 Rc6 50. Qb5 Rd6 51. Ke3 Bxa2 52. Ke4 Bg7 53. Qe8+ Kh7 54. a7 Bd5+ 55. Kf4 Rf6+ 56. Ke3 Rf8 57. Qg6+ Kh8 58. Qd6 Ba8 59. Qb8 Bg2 60. Kd3 Bf3 61. Kc4 Kg8 62. Kc5 Bg2 63. Kd6 Bf6 64. Qb3+ Kh8 65. Ke6 Be4 66. Qe3 Ba8 67. Qxh6+ Kg8 68. Qg6+ Bg7 69. Ke7 Rf6 70. Qe8+ Rf8 71. Qg6 1/2-1/2

[Event "Steinfurt Bezirksliga 0506"]
[Site "Germany"]
[Date "2005.11.19"]
[Round "3.4"]
[White "Loeckener, Thomas"]
[Black "Lachmuth, Mathias"]
[Result "1/2-1/2"]
[WhiteElo "1718"]
[BlackElo "1704"]
[PlyCount "50"]
[EventDate "2005.09.24"]
[EventType "team-tourn"]
[EventRounds "9"]
[EventCountry "GER"]
[SourceTitle "EXT 2006"]
[Source "ChessBase"]
[SourceDate "2005.11.24"]
[SourceVersion "1"]
[SourceVersionDate "2005.11.24"]
[SourceQuality "1"]
[WhiteTeam "Falke Saerbeck II"]
[BlackTeam "Emsdetten Rochade II"]
[WhiteTeamCountry "GER"]
[BlackTeamCountry "GER"]

1. d4 Nf6 2. c4 e6 3. Nf3 b6 4. g3 Bb7 5. Bg2 Be7 6. 0-0 0-0 7. Nc3 d5 8. cxd5 Nxd5 9. Nxd5 Bxd5 10. Qc2 c5 11. dxc5 Bxc5 12. Rd1 Qc8 13. e4 Bb7 14. Bf4 Na6 15. a3 Rd8 16. Rxd8+ Qxd8 17. Rd1 Qe8 18. e5 h6 19. Qe2 Nc7 20. Be3 Bxe3 21. Qxe3 Nd5 22. Qe2 Rc8 23. Nd4 Qa4 24. Bf1 Rc7 25. Qd2 Ba6 1/2-1/2

[Event "Steinfurt Bezirksliga 0506"]
[Site "Germany"]
[Date "2005.10.29"]
[Round "2.5"]
[White "Loeckener, Thomas"]
[Black "Pohlmeier, Ulrich"]
[Result "1/2-1/2"]
[WhiteElo "1718"]
[BlackElo "1621"]
[PlyCount "72"]
[EventDate "2005.09.24"]
[EventType "team-tourn"]
[EventRounds "9"]
[EventCountry "GER"]
[SourceTitle "EXT 2006"]
[Source "ChessBase"]
[SourceDate "2005.11.24"]
[SourceVersion "1"]
[SourceVersionDate "2005.11.24"]
[SourceQuality "1"]
[WhiteTeam "Falke Saerbeck II"]
[BlackTeam "Berlin Klein Rheine II"]
[WhiteTeamCountry "GER"]
[BlackTeamCountry "GER"]

1. d4 d5 2. c4 Nf6 3. cxd5 Qxd5 4. Nc3 Qa5 5. Nf3 Bf5 6. Bd2 Qb6 7. e3 c6 8. Nh4 Bd7 9. Bd3 e6 10. 0-0 Be7 11. Nf3 c5 12. Rc1 cxd4 13. Nxd4 a6 14. Na4 Qd8 15. Nc3 0-0 16. Bb1 Nc6 17. Nxc6 Bxc6 18. Qe2 Qb6 19. b3 Rfd8 20. Rcd1 Rd7 21. Bc1 Rc7 22. Bb2 Rac8 23. Qd3 g6 24. Qd4 Qa5 25. e4 Qh5 26. Qe3 Bb4 27. a3 Bxc3 28. Qxc3 e5 29. Qxe5 Qxe5 30. Bxe5 Nxe4 31. Bxc7 Rxc7 32. Bxe4 Bxe4 33. Rd4 Bc6 34. Re1 Kg7 35. f3 h5 36. Kf2 Bb5 1/2-1/2